00317nam a2200121Ia 4500008004100000041000800041082001400049100001300063245004500076260003300121300003000154365001100184240624s9999 xx 000 0 und d aeng a658.8 SUR aSURESH K aEFFECTIVE B2B MARKETING CONCEPTS AND CAS c2005aHyderabadbICFAI press aix, : 217 : p. : cm. ; 23 cRSb50